01647nam a2200373 a 4500001001000000003000500010005001700015008004100032010001100073011001100084040000900095090001000104100004700114245015900161260004100320500006000361502008000421502006900501590004100570590003900611590003900650650005300689650004400742650003200786650005500818700004500873856007000918901000700988942001000995942000601005999001901011952011901030952012401149000109714CHAP20220329144101.0140521s2014 mx | |sm |||||||spa|d a106176 a107148 cCHAP aTesis1 aJuárez Ramírez, Rubén Arturo912698010aEstablecimiento de un centro ecoturístico en el Estado de Pueblah[En línea]cpor Rubén Arturo Juárez Ramírez y Teresa de Jesús Osorio Alonso. aChapingo, Méx. :bEl autor,c2014. aPara ver el contenido del material haga clic en la liga aTesis (Ing. Forestal Industrial) -- UACH. División de Ciencias Forestales aTesis (Ing. Forestal) -- UACH. División de Ciencias Forestales aBATCH-UPDb05c20141002lUCH01h0904 aE792CSJb05c20140521lUCH01h1135 aE792CSJb05c20140521lUCH01h113514aDesarrollo de la comunidad ruralzPuebla.93204414aDesarrollo sustentablezPuebla.912586114aEcoturismozPuebla.912586214aRecursos naturalesxConservaciónxPuebla.9952491 aOsorio Alonso, Teresa de Jesús9126981 aFinding aiduhttp://10.13.5.2/tesis/sist109714.pdfzTeclea aquí aBK cTESIS n0 c106176d106176 00102local40718TESISaBCbBCd2014-05-21fTESISl0oTesisp33724002407272r2019-12-31 00:00:00w2014-05-21yCD 00102local40718TESISaBCbBCd2014-05-21fTESISl0oTesisp33724002407314r2019-12-31 00:00:00tc.2w2014-05-21yCD